| 000 | 00588nam a2200145 4500 | ||
|---|---|---|---|
| 999 |
_c11387 _d11387 |
||
| 008 | 181119b ||||| |||| 00| 0 eng d | ||
| 022 | _a2094-8042 | ||
| 082 | _aDPer 050 T48 Apr-June 2016 v. 59-60 | ||
| 100 |
_932671 _aAnastassiades, Michael and Bernardo, Enrico |
||
| 245 |
_aFine wine and design: _bpuiforcat adds shine to wine accessories, while Saint-Louis gives glassware a clever twist/ _cMichael Anastassiades and Enrico Bernardo. |
||
| 260 |
_aHong Kong; _bTime Asia, _cc2016. |
||
| 300 |
_av187 n14, pages 46-48: _billustrations; _c27cm. |
||
| 690 | 0 |
_932672 _a1 |
|
| 942 |
_2ddc _cPER |
||